<?xml version="1.0" encoding="UTF-8"?>
<collection xmlns="http://www.loc.gov/MARC21/slim">
 <record>
  <leader>06004nas a22008771  4500</leader>
  <controlfield tag="001">1/50427</controlfield>
  <controlfield tag="008">050927c19529999iluqr1p       0   a0eng d</controlfield>
  <datafield tag="022" ind1=" " ind2=" ">
   <subfield code="a">0024-2594</subfield>
  </datafield>
  <datafield tag="035" ind1=" " ind2=" ">
   <subfield code="l">30452</subfield>
  </datafield>
  <datafield tag="040" ind1=" " ind2=" ">
   <subfield code="a">DLC</subfield>
   <subfield code="b">GR-PeUP</subfield>
  </datafield>
  <datafield tag="090" ind1=" " ind2=" ">
   <subfield code="a">Αλφαβητική σειρά</subfield>
  </datafield>
  <datafield tag="245" ind1="0" ind2="0">
   <subfield code="a">Library trends.</subfield>
  </datafield>
  <datafield tag="260" ind1=" " ind2=" ">
   <subfield code="a">Urbana, Ill :</subfield>
   <subfield code="b">University of Illinois Library School,</subfield>
   <subfield code="c">1952-</subfield>
  </datafield>
  <datafield tag="300" ind1=" " ind2=" ">
   <subfield code="a">v. ;</subfield>
   <subfield code="c">24 cm.</subfield>
  </datafield>
  <datafield tag="310" ind1=" " ind2=" ">
   <subfield code="a">Quarterly.</subfield>
  </datafield>
  <datafield tag="362" ind1="0" ind2=" ">
   <subfield code="a">Vol.53 , no.3 (Winter 2004)-Vol. 55, no. 4( Spring 2007).</subfield>
  </datafield>
  <datafield tag="546" ind1=" " ind2=" ">
   <subfield code="a">English.</subfield>
  </datafield>
  <datafield tag="650" ind1=" " ind2="4">
   <subfield code="a">Library science</subfield>
   <subfield code="v">Periodicals.</subfield>
  </datafield>
  <datafield tag="852" ind1=" " ind2=" ">
   <subfield code="a">INST</subfield>
   <subfield code="b">UNIPILB</subfield>
   <subfield code="c">SERIALS</subfield>
   <subfield code="e">20051129</subfield>
   <subfield code="h">Αλφαβητική σειρά</subfield>
   <subfield code="p">48880</subfield>
   <subfield code="q">48880</subfield>
   <subfield code="t">NOLOAN</subfield>
   <subfield code="v">vol.53;no.3:(Εποχή)Winter;(Έτος)2004</subfield>
   <subfield code="y">23</subfield>
  </datafield>
  <datafield tag="852" ind1=" " ind2=" ">
   <subfield code="a">INST</subfield>
   <subfield code="b">UNIPILB</subfield>
   <subfield code="c">SERIALS</subfield>
   <subfield code="e">20051129</subfield>
   <subfield code="h">Αλφαβητική σειρά</subfield>
   <subfield code="p">48881</subfield>
   <subfield code="q">48881</subfield>
   <subfield code="t">NOLOAN</subfield>
   <subfield code="v">vol.53;no.4:(Εποχή)Spring;(Έτος)2005</subfield>
   <subfield code="y">23</subfield>
  </datafield>
  <datafield tag="852" ind1=" " ind2=" ">
   <subfield code="a">INST</subfield>
   <subfield code="b">UNIPILB</subfield>
   <subfield code="c">SERIALS</subfield>
   <subfield code="e">20070919</subfield>
   <subfield code="h">Αλφαβητική σειρά</subfield>
   <subfield code="p">57331</subfield>
   <subfield code="q">57331</subfield>
   <subfield code="t">NOLOAN</subfield>
   <subfield code="v">vol.54;no.1:(Εποχή)Summer;(Έτος)2005</subfield>
   <subfield code="y">23</subfield>
  </datafield>
  <datafield tag="852" ind1=" " ind2=" ">
   <subfield code="a">INST</subfield>
   <subfield code="b">UNIPILB</subfield>
   <subfield code="c">SERIALS</subfield>
   <subfield code="e">20070919</subfield>
   <subfield code="h">Αλφαβητική σειρά</subfield>
   <subfield code="p">57332</subfield>
   <subfield code="q">57332</subfield>
   <subfield code="t">NOLOAN</subfield>
   <subfield code="v">vol.54;no.2:(Εποχή)Fall;(Έτος)2005</subfield>
   <subfield code="y">23</subfield>
  </datafield>
  <datafield tag="852" ind1=" " ind2=" ">
   <subfield code="a">INST</subfield>
   <subfield code="b">UNIPILB</subfield>
   <subfield code="c">SERIALS</subfield>
   <subfield code="e">20070920</subfield>
   <subfield code="h">Αλφαβητική σειρά</subfield>
   <subfield code="p">57397</subfield>
   <subfield code="q">57397</subfield>
   <subfield code="t">NOLOAN</subfield>
   <subfield code="v">vol.54;no.3:(Εποχή)Winter;(Έτος)2006</subfield>
   <subfield code="y">23</subfield>
  </datafield>
  <datafield tag="852" ind1=" " ind2=" ">
   <subfield code="a">INST</subfield>
   <subfield code="b">UNIPILB</subfield>
   <subfield code="c">SERIALS</subfield>
   <subfield code="e">20080228</subfield>
   <subfield code="h">Αλφαβητική σειρά</subfield>
   <subfield code="p">59917</subfield>
   <subfield code="q">59917</subfield>
   <subfield code="t">NOLOAN</subfield>
   <subfield code="v">vol.55;no.3:(Εποχή)Winter;(Έτος)2007</subfield>
   <subfield code="y">23</subfield>
  </datafield>
  <datafield tag="852" ind1=" " ind2=" ">
   <subfield code="a">INST</subfield>
   <subfield code="b">UNIPILB</subfield>
   <subfield code="c">SERIALS</subfield>
   <subfield code="e">20080317</subfield>
   <subfield code="h">Αλφαβητική σειρά</subfield>
   <subfield code="p">60209</subfield>
   <subfield code="q">60209</subfield>
   <subfield code="t">NOLOAN</subfield>
   <subfield code="v">vol.55;no.1:(Εποχή)Summer;(Έτος)2006</subfield>
   <subfield code="y">23</subfield>
  </datafield>
  <datafield tag="852" ind1=" " ind2=" ">
   <subfield code="a">INST</subfield>
   <subfield code="b">UNIPILB</subfield>
   <subfield code="c">SERIALS</subfield>
   <subfield code="e">20080317</subfield>
   <subfield code="h">Αλφαβητική σειρά</subfield>
   <subfield code="p">60210</subfield>
   <subfield code="q">60210</subfield>
   <subfield code="t">NOLOAN</subfield>
   <subfield code="v">vol.55;no.2:(Εποχή)Fall;(Έτος)2006</subfield>
   <subfield code="y">23</subfield>
  </datafield>
  <datafield tag="852" ind1=" " ind2=" ">
   <subfield code="a">INST</subfield>
   <subfield code="b">UNIPILB</subfield>
   <subfield code="c">SERIALS</subfield>
   <subfield code="e">20080317</subfield>
   <subfield code="h">Αλφαβητική σειρά</subfield>
   <subfield code="p">60211</subfield>
   <subfield code="q">60211</subfield>
   <subfield code="t">NOLOAN</subfield>
   <subfield code="v">vol.55;no.4:(Εποχή)Spring;(Έτος)2007</subfield>
   <subfield code="y">23</subfield>
  </datafield>
  <datafield tag="852" ind1=" " ind2=" ">
   <subfield code="a">INST</subfield>
   <subfield code="b">UNIPILB</subfield>
   <subfield code="c">SERIALS</subfield>
   <subfield code="e">20120608</subfield>
   <subfield code="h">Αλφαβητική σειρά</subfield>
   <subfield code="p">75717</subfield>
   <subfield code="q">75717</subfield>
   <subfield code="t">NOLOAN</subfield>
   <subfield code="v">vol.60;no.3:(Εποχή)Winter;(Έτος)2012</subfield>
   <subfield code="y">23</subfield>
  </datafield>
  <datafield tag="852" ind1=" " ind2=" ">
   <subfield code="a">INST</subfield>
   <subfield code="b">UNIPILB</subfield>
   <subfield code="c">SERIALS</subfield>
   <subfield code="e">20120625</subfield>
   <subfield code="h">Αλφαβητική σειρά</subfield>
   <subfield code="p">75837</subfield>
   <subfield code="q">75837</subfield>
   <subfield code="t">NOLOAN</subfield>
   <subfield code="v">vol.60;no.4:(Εποχή)Spring;(Έτος)2012</subfield>
   <subfield code="y">23</subfield>
  </datafield>
  <datafield tag="852" ind1=" " ind2=" ">
   <subfield code="a">INST</subfield>
   <subfield code="b">UNIPILB</subfield>
   <subfield code="c">SERIALS</subfield>
   <subfield code="e">20121001</subfield>
   <subfield code="h">Αλφαβητική σειρά</subfield>
   <subfield code="p">76664</subfield>
   <subfield code="q">76664</subfield>
   <subfield code="t">NOLOAN</subfield>
   <subfield code="v">vol.61;no.1:(Εποχή)Summer;(Έτος)2012</subfield>
   <subfield code="y">23</subfield>
  </datafield>
  <datafield tag="852" ind1=" " ind2=" ">
   <subfield code="a">INST</subfield>
   <subfield code="b">UNIPILB</subfield>
   <subfield code="c">SERIALS</subfield>
   <subfield code="e">20130228</subfield>
   <subfield code="h">Αλφαβητική σειρά</subfield>
   <subfield code="p">78258</subfield>
   <subfield code="q">78258</subfield>
   <subfield code="t">NOLOAN</subfield>
   <subfield code="v">vol.61;no.2:(Εποχή)Fall;(Έτος)2012</subfield>
   <subfield code="y">23</subfield>
  </datafield>
  <datafield tag="852" ind1=" " ind2=" ">
   <subfield code="a">INST</subfield>
   <subfield code="b">UNIPILB</subfield>
   <subfield code="c">SERIALS</subfield>
   <subfield code="e">20131122</subfield>
   <subfield code="h">Αλφαβητική σειρά</subfield>
   <subfield code="p">81463</subfield>
   <subfield code="q">81463</subfield>
   <subfield code="t">NOLOAN</subfield>
   <subfield code="v">vol.61;no.4:(Εποχή)Spring;(Έτος)2013</subfield>
   <subfield code="y">23</subfield>
  </datafield>
  <datafield tag="852" ind1=" " ind2=" ">
   <subfield code="a">INST</subfield>
   <subfield code="b">UNIPILB</subfield>
   <subfield code="c">SERIALS</subfield>
   <subfield code="e">20131122</subfield>
   <subfield code="h">Αλφαβητική σειρά</subfield>
   <subfield code="p">81464</subfield>
   <subfield code="q">81464</subfield>
   <subfield code="t">NOLOAN</subfield>
   <subfield code="v">vol.62;no.1:(Εποχή)Summer;(Έτος)2013</subfield>
   <subfield code="y">23</subfield>
  </datafield>
  <datafield tag="852" ind1=" " ind2=" ">
   <subfield code="a">INST</subfield>
   <subfield code="b">UNIPILB</subfield>
   <subfield code="c">SERIALS</subfield>
   <subfield code="e">20140110</subfield>
   <subfield code="h">Αλφαβητική σειρά</subfield>
   <subfield code="p">81818</subfield>
   <subfield code="q">81818</subfield>
   <subfield code="t">NOLOAN</subfield>
   <subfield code="v">vol.62;no.3:(Εποχή)Winter;(Έτος)2013</subfield>
   <subfield code="y">23</subfield>
  </datafield>
  <datafield tag="852" ind1=" " ind2=" ">
   <subfield code="a">INST</subfield>
   <subfield code="b">UNIPILB</subfield>
   <subfield code="c">SERIALS</subfield>
   <subfield code="e">20140411</subfield>
   <subfield code="h">Αλφαβητική σειρά</subfield>
   <subfield code="p">82851</subfield>
   <subfield code="q">82851</subfield>
   <subfield code="t">NOLOAN</subfield>
   <subfield code="v">vol.62;no.2:(Εποχή)Fall;(Έτος)2013</subfield>
   <subfield code="y">23</subfield>
  </datafield>
  <datafield tag="856" ind1="4" ind2="1">
   <subfield code="u">http://muse.jhu.edu/journals/library_trends/</subfield>
  </datafield>
  <datafield tag="900" ind1=" " ind2=" ">
   <subfield code="a">Vol. 62 no. 3 (Spring 2014)</subfield>
   <subfield code="b">Οφειλόμενο</subfield>
   <subfield code="c">13/06/2017</subfield>
  </datafield>
  <datafield tag="900" ind1=" " ind2=" ">
   <subfield code="a">Vol. 52 no. 1 (Summer 2003)</subfield>
   <subfield code="b">Οφειλόμενο</subfield>
   <subfield code="c">28/11/2005</subfield>
  </datafield>
  <datafield tag="900" ind1=" " ind2=" ">
   <subfield code="a">Vol. 52 no. 2 (Fall 2003)</subfield>
   <subfield code="b">Οφειλόμενο</subfield>
   <subfield code="c">28/11/2005</subfield>
  </datafield>
  <datafield tag="900" ind1=" " ind2=" ">
   <subfield code="a">Vol. 52 no. 3 (Winter 2003)</subfield>
   <subfield code="b">Οφειλόμενο</subfield>
   <subfield code="c">28/11/2005</subfield>
  </datafield>
  <datafield tag="900" ind1=" " ind2=" ">
   <subfield code="a">Vol. 52 no. 4 (Spring 2004)</subfield>
   <subfield code="b">Οφειλόμενο</subfield>
   <subfield code="c">28/11/2005</subfield>
  </datafield>
  <datafield tag="900" ind1=" " ind2=" ">
   <subfield code="a">Vol. 53 no. 1 (Summer 2004)</subfield>
   <subfield code="b">Οφειλόμενο</subfield>
   <subfield code="c">28/11/2005</subfield>
  </datafield>
  <datafield tag="900" ind1=" " ind2=" ">
   <subfield code="a">Vol. 53 no. 2 (Fall 2004)</subfield>
   <subfield code="b">Οφειλόμενο</subfield>
   <subfield code="c">28/11/2005</subfield>
  </datafield>
  <datafield tag="900" ind1=" " ind2=" ">
   <subfield code="a">Vol. 54 no. 4 (Spring 2006)</subfield>
   <subfield code="b">Οφειλόμενο</subfield>
   <subfield code="c">15/12/2008</subfield>
  </datafield>
  <datafield tag="900" ind1=" " ind2=" ">
   <subfield code="a">Vol. 56 no. 1 (Summer 2008)</subfield>
   <subfield code="b">Οφειλόμενο</subfield>
   <subfield code="c">19/10/2009</subfield>
  </datafield>
  <datafield tag="900" ind1=" " ind2=" ">
   <subfield code="a">Vol. 56 no. 2 (Fall 2008)</subfield>
   <subfield code="b">Οφειλόμενο</subfield>
   <subfield code="c">29/06/2012</subfield>
  </datafield>
  <datafield tag="900" ind1=" " ind2=" ">
   <subfield code="a">Vol. 56 no. 3 (Winter 2008)</subfield>
   <subfield code="b">Οφειλόμενο</subfield>
   <subfield code="c">29/06/2012</subfield>
  </datafield>
  <datafield tag="900" ind1=" " ind2=" ">
   <subfield code="a">Vol. 56 no. 4 (Spring 2009)</subfield>
   <subfield code="b">Οφειλόμενο</subfield>
   <subfield code="c">29/06/2012</subfield>
  </datafield>
  <datafield tag="900" ind1=" " ind2=" ">
   <subfield code="a">Vol. 57 no. 1 (Summer 2009)</subfield>
   <subfield code="b">Οφειλόμενο</subfield>
   <subfield code="c">29/06/2012</subfield>
  </datafield>
  <datafield tag="900" ind1=" " ind2=" ">
   <subfield code="a">Vol. 57 no. 2 (Fall 2009)</subfield>
   <subfield code="b">Οφειλόμενο</subfield>
   <subfield code="c">29/06/2012</subfield>
  </datafield>
  <datafield tag="900" ind1=" " ind2=" ">
   <subfield code="a">Vol. 57 no. 3 (Winter 2009)</subfield>
   <subfield code="b">Οφειλόμενο</subfield>
   <subfield code="c">29/06/2012</subfield>
  </datafield>
  <datafield tag="900" ind1=" " ind2=" ">
   <subfield code="a">Vol. 57 no. 4 (Spring 2010)</subfield>
   <subfield code="b">Οφειλόμενο</subfield>
   <subfield code="c">29/06/2012</subfield>
  </datafield>
  <datafield tag="900" ind1=" " ind2=" ">
   <subfield code="a">Vol. 58 no. 1 (Summer 2010)</subfield>
   <subfield code="b">Οφειλόμενο</subfield>
   <subfield code="c">29/06/2012</subfield>
  </datafield>
  <datafield tag="900" ind1=" " ind2=" ">
   <subfield code="a">Vol. 58 no. 2 (Fall 2010)</subfield>
   <subfield code="b">Οφειλόμενο</subfield>
   <subfield code="c">29/06/2012</subfield>
  </datafield>
  <datafield tag="900" ind1=" " ind2=" ">
   <subfield code="a">Vol. 58 no. 3 (Winter 2010)</subfield>
   <subfield code="b">Οφειλόμενο</subfield>
   <subfield code="c">29/06/2012</subfield>
  </datafield>
  <datafield tag="900" ind1=" " ind2=" ">
   <subfield code="a">Vol. 58 no. 4 (Spring 2011)</subfield>
   <subfield code="b">Οφειλόμενο</subfield>
   <subfield code="c">29/06/2012</subfield>
  </datafield>
  <datafield tag="900" ind1=" " ind2=" ">
   <subfield code="a">Vol. 59 no. 1 (Summer 2011)</subfield>
   <subfield code="b">Οφειλόμενο</subfield>
   <subfield code="c">21/09/2012</subfield>
  </datafield>
  <datafield tag="900" ind1=" " ind2=" ">
   <subfield code="a">Vol. 59 no. 2 (Fall 2011)</subfield>
   <subfield code="b">Οφειλόμενο</subfield>
   <subfield code="c">08/01/2013</subfield>
  </datafield>
  <datafield tag="900" ind1=" " ind2=" ">
   <subfield code="a">Vol. 59 no. 3 (Winter 2011)</subfield>
   <subfield code="b">Οφειλόμενο</subfield>
   <subfield code="c">27/03/2013</subfield>
  </datafield>
  <datafield tag="900" ind1=" " ind2=" ">
   <subfield code="a">Vol. 59 no. 4 (Spring 2012)</subfield>
   <subfield code="b">Οφειλόμενο</subfield>
   <subfield code="c">20/06/2013</subfield>
  </datafield>
  <datafield tag="950" ind1=" " ind2=" ">
   <subfield code="a">01/06/2003</subfield>
   <subfield code="c">ΧΑΡΤΣΙΑΣ</subfield>
   <subfield code="d">638</subfield>
  </datafield>
  <datafield tag="951" ind1=" " ind2=" ">
   <subfield code="a">Vol. 62 no. 2  (Fall 2013)</subfield>
   <subfield code="b">Main run</subfield>
  </datafield>
  <datafield tag="951" ind1=" " ind2=" ">
   <subfield code="a">Vol. 53 no. 3 (Winter 2004) - Vol. 53 no. 4 (Spring 2005)</subfield>
   <subfield code="b">Main run</subfield>
  </datafield>
  <datafield tag="951" ind1=" " ind2=" ">
   <subfield code="a">Vol. 54 no. 1 (Summer 2005) - Vol. 54 no. 2 (Fall 2005)</subfield>
   <subfield code="b">Main run</subfield>
  </datafield>
  <datafield tag="951" ind1=" " ind2=" ">
   <subfield code="a">Vol. 54 no. 3 (Winter 2006)</subfield>
   <subfield code="b">Main run</subfield>
  </datafield>
  <datafield tag="951" ind1=" " ind2=" ">
   <subfield code="a">Vol. 55 no. 1  (Summer 2006)</subfield>
   <subfield code="b">Main run</subfield>
  </datafield>
  <datafield tag="951" ind1=" " ind2=" ">
   <subfield code="a">Vol. 55 no. 2  (Fall 2006)</subfield>
   <subfield code="b">Main run</subfield>
  </datafield>
  <datafield tag="951" ind1=" " ind2=" ">
   <subfield code="a">Vol. 55 no. 3 (Winter 2007)</subfield>
   <subfield code="b">Main run</subfield>
  </datafield>
  <datafield tag="951" ind1=" " ind2=" ">
   <subfield code="a">Vol. 55 no. 4  (Spring 2007)</subfield>
   <subfield code="b">Main run</subfield>
  </datafield>
  <datafield tag="951" ind1=" " ind2=" ">
   <subfield code="a">Vol. 60 no. 4 (Spring 2012)</subfield>
   <subfield code="b">Main run</subfield>
  </datafield>
  <datafield tag="951" ind1=" " ind2=" ">
   <subfield code="a">Vol. 61 no. 1 (Summer 2012)</subfield>
   <subfield code="b">Main run</subfield>
  </datafield>
  <datafield tag="951" ind1=" " ind2=" ">
   <subfield code="a">Vol. 61 no. 2  (Fall 2012)</subfield>
   <subfield code="b">Main run</subfield>
  </datafield>
  <datafield tag="951" ind1=" " ind2=" ">
   <subfield code="a">Vol. 60 no. 3 (Winter 2012)</subfield>
   <subfield code="b">Main run</subfield>
  </datafield>
  <datafield tag="951" ind1=" " ind2=" ">
   <subfield code="a">Vol. 61 no. 4 (Spring 2013)</subfield>
   <subfield code="b">Main run</subfield>
  </datafield>
  <datafield tag="951" ind1=" " ind2=" ">
   <subfield code="a">Vol. 62 no. 1 (Summer 2013)</subfield>
   <subfield code="b">Main run</subfield>
  </datafield>
  <datafield tag="951" ind1=" " ind2=" ">
   <subfield code="a">Vol. 62 no. 3  (Winter 2013)</subfield>
   <subfield code="b">Main run</subfield>
  </datafield>
 </record>
</collection>
